| 000 | 00825nam a2200253 i 4500 | ||
|---|---|---|---|
| 001 | 5794 | ||
| 003 | ES-MaACL | ||
| 005 | 20240202163034.0 | ||
| 007 | t| | ||
| 008 | 890529s1988 sp ||||1| spa d | ||
| 020 | _a84-397-1441-6 | ||
| 080 | _a087.5 | ||
| 080 | _a86-14"18/19" | ||
| 080 | _a86(Machado,A.3.01) | ||
| 100 | 1 |
_aMachado, Antonio, _d1875-1939 _975151 |
|
| 245 | 1 | 0 |
_aPoesía _b: palabra en el tiempo / _cAntonio Machado ; selección y prólogo, Carmen Bravo-Villasante. |
| 260 |
_aMadrid : _bMontena, _cD.L. 1988. |
||
| 300 |
_a107 p. ; _c21 cm. |
||
| 490 | 1 |
_aEl carnaval de las letras ; _v10 |
|
| 700 | 1 |
_aBravo-Villasante, Carmen, _d1918-1994 _931507 |
|
| 830 | 0 |
_aEl carnaval de las letras ; _v10 _9177350 |
|
| 852 |
_aES-MaACL _jL-12933 _bR.116451 _z. - rust. |
||
| 999 |
_c5794 _d5794 |
||